| 000 | 00527nam a2200145 a 4500 | ||
|---|---|---|---|
| 005 | 20140414132058.0 | ||
| 008 | 110725s19uu xx 00 eng d | ||
| 020 | _a0753451948 | ||
| 050 |
_aREF 909 _bK58 1999 |
||
| 245 |
_aThe kingfisher history encyclopedia Vol.4 : _bThe middle ages. |
||
| 260 |
_aLondon : _bKingfisher, _c1999. |
||
| 520 | _a A reference guide to world history, featuring a timeline, key date boxes, and biographies of historical figures. | ||
| 650 |
_aWorld history _xJuvenile literature. |
||
| 999 |
_c114381 _d114381 |
||